<?xml version="1.0" encoding="UTF-8"?>
<record
    xmlns:xsi="http://www.w3.org/2001/XMLSchema-instance"
    xsi:schemaLocation="http://www.loc.gov/MARC21/slim http://www.loc.gov/standards/marcxml/schema/MARC21slim.xsd"
    xmlns="http://www.loc.gov/MARC21/slim">

  <leader>01786nam a22002297a 4500</leader>
  <controlfield tag="008">180522s2011    ag  |||| |||| 001 0 spa d</controlfield>
  <datafield tag="020" ind1=" " ind2=" ">
    <subfield code="a">9789508923752</subfield>
  </datafield>
  <datafield tag="050" ind1=" " ind2="4">
    <subfield code="a">RA418 </subfield>
    <subfield code="b">C37</subfield>
  </datafield>
  <datafield tag="100" ind1="1" ind2=" ">
    <subfield code="a">Castro, Roberto</subfield>
    <subfield code="e">autor</subfield>
  </datafield>
  <datafield tag="245" ind1="1" ind2="0">
    <subfield code="a">Teor&#xED;a social y salud</subfield>
    <subfield code="c">/ Roberto Castro, edici&#xF3;n y correcci&#xF3;n de textos: Juan Carlos Cicolella</subfield>
  </datafield>
  <datafield tag="260" ind1="3" ind2=" ">
    <subfield code="a">Buenos Aires, Argentina</subfield>
    <subfield code="b">: Lugar editorial</subfield>
    <subfield code="b">Universidad Nacional Autonoma de M&#xE9;xico</subfield>
    <subfield code="b">Centro Regional deInvestigaciones Multidisciplinarias (CRIM)</subfield>
    <subfield code="c">, 2011</subfield>
  </datafield>
  <datafield tag="300" ind1=" " ind2=" ">
    <subfield code="a">197 p&#xE1;ginas</subfield>
  </datafield>
  <datafield tag="490" ind1="0" ind2=" ">
    <subfield code="a">Colecci&#xF3;n Salud Colectiva</subfield>
  </datafield>
  <datafield tag="500" ind1=" " ind2=" ">
    <subfield code="a">Incluye &#xED;ndice de autores (pp. 187-192)
Incluye &#xED;ndice de materias (pp. 193-197)</subfield>
  </datafield>
  <datafield tag="504" ind1=" " ind2=" ">
    <subfield code="a">Incluye refrencias bibliogr&#xE1;ficas (pp. 165-186)</subfield>
  </datafield>
  <datafield tag="505" ind1="0" ind2=" ">
    <subfield code="a">Ciencias sociales y salud en M&#xE9;xico: movimientos fundacionales y desarrollos actuales
Los determinantes sociales de la salud-enfermedad. Tres aproximaciones al tema para una epidemiolog&#xED;a sociocultural reflexiva
Interaccionismo simb&#xF3;lico y salud, supuestos metate&#xF3;ricos y consecuencias emp&#xED;ricas
La mirada de la fenomenolog&#xED;a sociol&#xF3;gica en salud
Navarro y la medicina social latinoamericana a mediados de la decada de los ochenta
Habitus profesional y ciudadan&#xED;a: hacia un estudio sociol&#xF3;gico sobre los conflictos entre el campo m&#xE9;dico y los derechos en salud reproductiva en M&#xE9;xico
Dificultades en la integraci&#xF3;n entre m&#xE9;todos cualitativos y cuantitativos en la investigaci&#xF3;n social en salud</subfield>
  </datafield>
  <datafield tag="519" ind1=" " ind2=" ">
    <subfield code="a">Material complementario Plan UNAM/</subfield>
    <subfield code="b">Enfermer&#xED;a / </subfield>
    <subfield code="c">Salud Colectiva 1214 /</subfield>
    <subfield code="d">(23 001861)</subfield>
  </datafield>
  <datafield tag="650" ind1="1" ind2="4">
    <subfield code="a">SALUD P&#xDA;BLICA</subfield>
    <subfield code="x">ASPECTOS SOCIALES</subfield>
  </datafield>
  <datafield tag="650" ind1="2" ind2="4">
    <subfield code="a">SOCIOLOG&#xCD;A </subfield>
    <subfield code="x">SALUD P&#xDA;BLICA</subfield>
  </datafield>
  <datafield tag="942" ind1=" " ind2=" ">
    <subfield code="c">LB</subfield>
    <subfield code="2">ddc</subfield>
  </datafield>
  <datafield tag="952" ind1=" " ind2=" ">
    <subfield code="0">0</subfield>
    <subfield code="1">0</subfield>
    <subfield code="4">0</subfield>
    <subfield code="7">0</subfield>
    <subfield code="a">23</subfield>
    <subfield code="b">23</subfield>
    <subfield code="d">2018-05-22</subfield>
    <subfield code="l">3</subfield>
    <subfield code="o">RA418  C37</subfield>
    <subfield code="p">23 001861</subfield>
    <subfield code="r">2022-09-07</subfield>
    <subfield code="s">2022-09-06</subfield>
    <subfield code="t">1</subfield>
    <subfield code="w">2018-05-22</subfield>
    <subfield code="y">LB</subfield>
  </datafield>
  <datafield tag="999" ind1=" " ind2=" ">
    <subfield code="c">102988</subfield>
    <subfield code="d">102988</subfield>
  </datafield>
</record>
